[Event "Canadian op"]
[Site "Calgary"]
[Date "2023.07.28"]
[Round "8"]
[White "Radic, Dejan"]
[Black "Bince, Rolando"]
[Result "0-1"]
[WhiteElo "1464"]
[BlackElo "1806"]
[PlyCount "58"]
[EventDate "2023.07.22"]
[EventType "swiss"]
[EventRounds "10"]
[EventCountry "CAN"]
[SourceTitle "EXT 2024"]
[Source "ChessBase"]
[SourceDate "2023.10.10"]
[SourceVersion "1"]
[SourceVersionDate "2023.10.10"]
[SourceQuality "1"]

1. e4 Nf6 2. e5 Nd5 3. d4 d6 4. c4 Nb6 5. exd6 cxd6 6. Nc3 g6 7. Be3 Bg7 8. Rc1 0-0 9. b3 Nc6 10. Nf3 Bg4 11. Be2 e5 12. c5 Bxf3 13. Bxf3 exd4 14. Bxd4 Bxd4 15. Bxc6 Bxc3+ 16. Rxc3 Qf6 17. Rc2 bxc6 18. cxb6 Rfe8+ 19. Kf1 axb6 20. h4 Re4 21. g3 Rae8 22. Kg2 d5 23. h5 g5 24. h6 Qe6 25. Qc1 Qf5 26. Qb2 d4 27. b4 g4 28. Qb3 R4e6 29. Qb2 Qf3+ 0-1

[Event "Canadian op"]
[Site "Regina"]
[Date "2019.07.13"]
[Round "2"]
[White "Bince, Rolando"]
[Black "McDonald, Mike"]
[Result "1/2-1/2"]
[WhiteElo "1857"]
[BlackElo "1741"]
[PlyCount "101"]
[EventDate "2019.07.12"]
[EventType "swiss"]
[EventRounds "9"]
[EventCountry "CAN"]
[SourceTitle "EXT 2020"]
[Source "ChessBase"]
[SourceDate "2019.10.17"]
[SourceVersion "1"]
[SourceVersionDate "2019.10.17"]
[SourceQuality "1"]

1. c4 Nf6 2. Nc3 g6 3. g3 e5 4. Bg2 Bg7 5. Nf3 Nc6 6. d4 exd4 7. Nxd4 0-0 8. Nxc6 dxc6 9. 0-0 Qxd1 10. Rxd1 Be6 11. b3 Rad8 12. Bb2 Bf5 13. Kf1 Bc2 14. Rxd8 Rxd8 15. Ke1 Ne4 16. Bxe4 Bxe4 17. f3 Bf5 18. Na4 Bf8 19. Bc3 b5 20. Nb2 h5 21. Rd1 Rxd1+ 22. Kxd1 h4 23. g4 Be6 24. h3 f5 25. Nd3 bxc4 26. Nf4 Bf7 27. gxf5 gxf5 28. b4 Bg7 29. Kc2 Bxc3 30. Kxc3 Kg7 31. Ng2 Kf6 32. Nxh4 Ke5 33. e3 a6 34. Ng2 c5 35. a3 cxb4+ 36. axb4 c5 37. Nf4 cxb4+ 38. Kxb4 Be8 39. Kxc4 Bc6 40. Nd3+ Kf6 41. Ne1 Kg5 42. Kd4 Kh4 43. Ke5 Bd7 44. Nc2 a5 45. Kd6 Bc8 46. Kc7 Ba6 47. Kb6 Bd3 48. Ne1 Be2 49. Kxa5 Kxh3 50. Kb4 Kg3 51. Kc3 1/2-1/2

[Event "Winnipeg TNT May op"]
[Site "Winnipeg"]
[Date "2019.05.07"]
[Round "1.3"]
[White "Marshall, Carter"]
[Black "Bince, Rolando"]
[Result "1/2-1/2"]
[WhiteElo "1552"]
[BlackElo "1970"]
[PlyCount "152"]
[EventDate "2019.05.07"]
[EventType "swiss"]
[EventRounds "4"]
[EventCountry "CAN"]
[SourceTitle "EXT 2022"]
[Source "ChessBase"]
[SourceDate "2021.10.06"]
[SourceVersion "1"]
[SourceVersionDate "2021.10.06"]
[SourceQuality "1"]

1. e4 c5 2. d4 cxd4 3. c3 Nc6 4. cxd4 e5 5. d5 Nd4 6. Be3 Bb4+ 7. Nc3 Bc5 8. Nge2 Qb6 9. Na4 Qa5+ 10. Nec3 a6 11. Nxc5 Qxc5 12. Bxd4 exd4 13. Ne2 Nf6 14. f3 d6 15. Qxd4 Qa5+ 16. Nc3 0-0 17. a3 b5 18. b4 Qd8 19. a4 Bd7 20. a5 Nh5 21. 0-0-0 Rc8 22. Kb2 Re8 23. g3 Re7 24. Bd3 Bh3 25. Ne2 Bg2 26. Rhg1 Bxf3 27. Rc1 Nf6 28. Rxc8 Qxc8 29. Rc1 Rc7 30. Rxc7 Qxc7 31. Qb6 Qxb6 32. axb6 Bxe2 33. b7 Nd7 34. Bxe2 Kf8 35. Bg4 Nb8 36. Kc3 Ke7 37. Kd4 f6 38. Ke3 g6 39. Kf4 Kf7 40. Be6+ Kf8 41. h4 h5 42. g4 hxg4 43. Bxg4 Ke7 44. h5 gxh5 45. Bxh5 Kd7 46. Bg4+ Kc7 47. Bc8 Kd8 48. Kf5 Ke7 49. Kg6 a5 50. bxa5 b4 51. Bg4 b3 52. Bd1 b2 53. Bc2 Na6 54. Bd3 Nb8 55. Kf5 Kf7 56. Kf4 Ke7 57. Ke3 Kd7 58. Kd2 Kc7 59. Kc2 Kxb7 60. Kxb2 Na6 61. Kc3 Nc5 62. a6+ Ka7 63. Kd4 Nd7 64. Ke3 Nc5 65. Be2 Nb3 66. Kf4 Nc5 67. Kf5 Kb6 68. Kxf6 Nxe4+ 69. Ke6 Ka7 70. Bd3 Nc5+ 71. Kxd6 Nxd3 72. Ke7 Kxa6 73. d6 Ne5 74. Ke6 Nc6 75. d7 Kb7 76. Kd6 Kb6 1/2-1/2

[Event "Winnipeg TNT March op"]
[Site "Winnipeg"]
[Date "2019.03.26"]
[Round "4.1"]
[White "Baron, Gustav L"]
[Black "Bince, Rolando"]
[Result "0-1"]
[WhiteElo "2228"]
[BlackElo "1889"]
[PlyCount "74"]
[EventDate "2019.03.05"]
[EventType "swiss"]
[EventRounds "4"]
[EventCountry "CAN"]
[SourceTitle "EXT 2022"]
[Source "ChessBase"]
[SourceDate "2021.10.06"]
[SourceVersion "1"]
[SourceVersionDate "2021.10.06"]
[SourceQuality "1"]

1. e4 c5 2. b4 cxb4 3. a3 bxa3 4. Bxa3 b6 5. d4 Bb7 6. Bd3 g6 7. Nf3 Bg7 8. 0-0 Nf6 9. Qe2 0-0 10. Nbd2 d6 11. Bb2 Nbd7 12. Rfe1 e5 13. Nc4 Ne8 14. Ba3 exd4 15. Bxd6 Nxd6 16. Nxd6 Bc6 17. Rad1 Ne5 18. Nxe5 Qxd6 19. Nc4 Qc5 20. f4 Rfe8 21. e5 Rad8 22. Qf2 Bf8 23. h4 Bb5 24. Nd2 Bxd3 25. cxd3 Qd5 26. h5 f5 27. hxg6 hxg6 28. Qg3 Qe6 29. Kf2 Bb4 30. Rh1 Bxd2 31. Qh4 Be3+ 32. Kg3 Bxf4+ 33. Kxf4 Qxe5+ 34. Kg5 Qe7+ 35. Kxg6 Rd6+ 36. Kxf5 Rf8+ 37. Kg4 Qg7+ 0-1

[Event "Winnipeg Woodbury Memorial"]
[Site "Winnipeg"]
[Date "2018.12.18"]
[Round "7.5"]
[White "Boron, Anthony"]
[Black "Bince, Rolando"]
[Result "1-0"]
[WhiteElo "2016"]
[BlackElo "1846"]
[PlyCount "81"]
[EventDate "2018.11.06"]
[EventType "swiss"]
[EventRounds "7"]
[EventCountry "CAN"]
[SourceTitle "EXT 2022"]
[Source "ChessBase"]
[SourceDate "2021.10.06"]
[SourceVersion "1"]
[SourceVersionDate "2021.10.06"]
[SourceQuality "1"]

1. d4 Nf6 2. Nf3 d6 3. Nc3 g6 4. e4 Bg7 5. Be3 b6 6. Qd2 Bb7 7. Bd3 Nbd7 8. 0-0-0 c5 9. d5 Ng4 10. Bg5 a6 11. h3 Nge5 12. Nxe5 Nxe5 13. Bh6 Nxd3+ 14. cxd3 0-0 15. Bxg7 Kxg7 16. h4 Bc8 17. h5 Rh8 18. hxg6 hxg6 19. Ne2 Bd7 20. Ng3 e6 21. Rxh8 Qxh8 22. Rh1 Qg8 23. Qh6+ Kf6 24. Nh5+ Ke7 25. Qg5+ Kf8 26. Nf6 Qg7 27. Nxd7+ Ke8 28. Nf6+ Ke7 29. Nh5+ f6 30. Nxg7 fxg5 31. Nxe6 Kf6 32. Rh3 c4 33. Kd2 cxd3 34. Kxd3 Rc8 35. Rf3+ Ke7 36. Nxg5 Rc1 37. Rf7+ Ke8 38. Ra7 Rd1+ 39. Kc2 Rg1 40. g3 Rg2 41. Rf7 1-0

[Event "Winnipeg Woodbury Memorial"]
[Site "Winnipeg"]
[Date "2018.11.06"]
[Round "1.11"]
[White "Magyar, Peter"]
[Black "Bince, Rolando"]
[Result "0-1"]
[WhiteElo "1480"]
[BlackElo "1846"]
[PlyCount "102"]
[EventDate "2018.11.06"]
[EventType "swiss"]
[EventRounds "7"]
[EventCountry "CAN"]
[SourceTitle "EXT 2022"]
[Source "ChessBase"]
[SourceDate "2021.10.06"]
[SourceVersion "1"]
[SourceVersionDate "2021.10.06"]
[SourceQuality "1"]

1. d4 Nf6 2. Bf4 d6 3. h3 g6 4. e3 Bg7 5. Be2 0-0 6. Nf3 Nc6 7. c3 Bf5 8. 0-0 Nd5 9. Bh2 e5 10. dxe5 dxe5 11. Nbd2 Nb6 12. e4 Be6 13. Bb5 f6 14. b3 a6 15. Be2 Rf7 16. Qc2 Rd7 17. Bb5 axb5 18. Rad1 Qe7 19. Nb1 Rad8 20. Rde1 Qc5 21. Qe2 b4 22. Rc1 bxc3 23. Rxc3 Qb4 24. Nh4 Nd4 25. Qe1 Nb5 26. a3 Qd4 27. Rg3 Nd6 28. Nd2 Nf7 29. Nhf3 Qb2 30. h4 Rxd2 31. Nxd2 Qxd2 32. Qe3 Bh6 33. Qc5 Qd6 34. Rc3 Qxc5 35. Rxc5 c6 36. f4 Nd7 37. Rc3 exf4 38. Bxf4 Bxf4 39. Rxf4 Nfe5 40. Rg3 Kg7 41. b4 h5 42. a4 Nb6 43. a5 Nbc4 44. Rc3 Rd4 45. Rc2 Ng4 46. Rc1 Nce3 47. b5 cxb5 48. Rf3 Bc4 49. Ra1 Rd2 50. Rg3 b4 51. Re1 b3 0-1

[Event "Manitoba-ch Senior"]
[Site "Winnipeg"]
[Date "2017.12.09"]
[Round "2"]
[White "Einarsson, Ken"]
[Black "Bince, Rolando"]
[Result "0-1"]
[WhiteElo "1786"]
[BlackElo "1992"]
[PlyCount "60"]
[EventDate "2017.12.09"]
[EventType "tourn"]
[EventRounds "5"]
[EventCountry "CAN"]
[SourceTitle "EXT 2022"]
[Source "ChessBase"]
[SourceDate "2021.10.06"]
[SourceVersion "1"]
[SourceVersionDate "2021.10.06"]
[SourceQuality "1"]

1. d4 Nf6 2. c4 e6 3. Nc3 Bb4 4. Bd2 0-0 5. Nf3 b6 6. e3 Ba6 7. Be2 d5 8. cxd5 Bxe2 9. Qxe2 exd5 10. 0-0 Re8 11. a3 Bd6 12. Rac1 a6 13. Qd3 c6 14. Ne2 Ne4 15. Bb4 c5 16. dxc5 bxc5 17. Qxd5 Bxh2+ 18. Nxh2 Qxd5 19. Nc3 Nxc3 20. Bxc3 Nc6 21. Rfd1 Qe6 22. Nf3 h6 23. Rd2 Rad8 24. Rdc2 Rd5 25. b4 cxb4 26. Bxb4 Nxb4 27. axb4 Red8 28. Nd4 Rxd4 29. exd4 Rxd4 30. Rc6 Rd1+ 0-1

[Event "Winnipeg Rosenbloom Memorial"]
[Site "Winnipeg"]
[Date "2017.12.05"]
[Round "5"]
[White "Wolchock, Theo"]
[Black "Bince, Rolando"]
[Result "1-0"]
[WhiteElo "2034"]
[BlackElo "1992"]
[PlyCount "74"]
[EventDate "2017.11.07"]
[EventType "swiss"]
[EventRounds "7"]
[EventCountry "CAN"]
[SourceTitle "EXT 2022"]
[Source "ChessBase"]
[SourceDate "2021.10.06"]
[SourceVersion "1"]
[SourceVersionDate "2021.10.06"]
[SourceQuality "1"]

1. c4 c5 2. g3 g6 3. Bg2 Bg7 4. Nc3 Nc6 5. e3 e6 6. Nge2 Nge7 7. 0-0 0-0 8. d4 d6 9. Rb1 Rb8 10. a3 b6 11. b4 cxb4 12. axb4 a5 13. b5 Na7 14. Ba3 Qc7 15. Qb3 Bb7 16. Ne4 Nac8 17. Rfc1 Rd8 18. c5 dxc5 19. dxc5 Bd5 20. Qa4 Bxe4 21. Bxe4 Nd5 22. Qb3 Qe5 23. Bg2 bxc5 24. Bxc5 Ncb6 25. Nd4 Nd7 26. Nc6 Nxc5 27. Rxc5 Qd6 28. Rcc1 a4 29. Qxa4 Ra8 30. Qb3 Ra3 31. Qc4 Nb6 32. Qb4 Bf8 33. Nxd8 Qxb4 34. Rxb4 Bxb4 35. Rc6 Ra1+ 36. Bf1 Ba5 37. Nb7 Nc4 1-0

[Event "Winnipeg Rosenbloom Memorial"]
[Site "Winnipeg"]
[Date "2017.11.28"]
[Round "4"]
[White "Bince, Rolando"]
[Black "Lysak, Andriy"]
[Result "1-0"]
[WhiteElo "1992"]
[BlackElo "1668"]
[PlyCount "89"]
[EventDate "2017.11.07"]
[EventType "swiss"]
[EventRounds "7"]
[EventCountry "CAN"]
[SourceTitle "EXT 2022"]
[Source "ChessBase"]
[SourceDate "2021.10.06"]
[SourceVersion "1"]
[SourceVersionDate "2021.10.06"]
[SourceQuality "1"]

1. b3 e5 2. Bb2 Nc6 3. Nf3 Bc5 4. e3 d6 5. d4 exd4 6. exd4 Qe7+ 7. Be2 Bb6 8. 0-0 Nf6 9. Bb5 0-0 10. Re1 Be6 11. Bxc6 bxc6 12. c4 Rfe8 13. Bc3 Qd7 14. Nbd2 Bg4 15. Qc2 Bf5 16. Qb2 Ne4 17. Nxe4 Bxe4 18. Re3 c5 19. d5 Qg4 20. Rae1 c6 21. h3 Qg6 22. Nh4 Qh5 23. Rxe4 Rxe4 24. Rxe4 f5 25. Qe2 Qxe2 26. Rxe2 cxd5 27. Nxf5 d4 28. Bd2 g6 29. Nxd6 Rd8 30. Re8+ Rxe8 31. Nxe8 Kf7 32. Nd6+ Ke6 33. Ne4 Kf5 34. f3 h5 35. g3 a6 36. Kf2 h4 37. g4+ Ke5 38. Ke2 Bd8 39. Kd3 Be7 40. f4+ Ke6 41. Be1 Kd7 42. Ng5 Bd6 43. Bd2 a5 44. Ke4 Kc6 45. Nf3 1-0

[Event "Winnipeg TNT September op"]
[Site "Winnipeg"]
[Date "2017.09.19"]
[Round "3"]
[White "Wolchock, Theo"]
[Black "Bince, Rolando"]
[Result "1/2-1/2"]
[WhiteElo "2056"]
[BlackElo "2027"]
[PlyCount "23"]
[EventDate "2017.09.05"]
[EventType "swiss"]
[EventRounds "4"]
[EventCountry "CAN"]
[SourceTitle "EXT 2022"]
[Source "ChessBase"]
[SourceDate "2021.10.06"]
[SourceVersion "1"]
[SourceVersionDate "2021.10.06"]
[SourceQuality "1"]

1. c4 Nf6 2. Nc3 e6 3. e4 Bb4 4. e5 Bxc3 5. dxc3 Ng8 6. Qg4 Kf8 7. Bf4 d5 8. 0-0-0 c6 9. Qe2 Qa5 10. Kb1 Ne7 11. g4 Bd7 12. Bg2 1/2-1/2

[Event "Winnipeg op"]
[Site "Winnipeg"]
[Date "2017.06.27"]
[Round "4"]
[White "Bince, Rolando"]
[Black "Trueman, Francis"]
[Result "1-0"]
[WhiteElo "2051"]
[BlackElo "1424"]
[PlyCount "73"]
[EventDate "2017.06.06"]
[EventType "swiss"]
[EventRounds "8"]
[EventCountry "CAN"]
[SourceTitle "EXT 2022"]
[Source "ChessBase"]
[SourceDate "2021.10.06"]
[SourceVersion "1"]
[SourceVersionDate "2021.10.06"]
[SourceQuality "1"]

1. d4 Nf6 2. c4 d6 3. Nc3 Nbd7 4. e4 e5 5. Nf3 g6 6. dxe5 dxe5 7. Bg5 Bg7 8. Nd5 0-0 9. Qc2 c6 10. Nc3 Qc7 11. h3 a5 12. a4 Nc5 13. Be2 h5 14. 0-0 Ne6 15. Be3 Nh7 16. Nh4 Bf6 17. Nf3 g5 18. Nh2 Nf4 19. Bxf4 gxf4 20. Bxh5 Kh8 21. Kh1 Rg8 22. Bg4 Bxg4 23. Nxg4 Bg5 24. Rad1 Nf6 25. Nxf6 Bxf6 26. Qe2 Rg7 27. Qh5+ Rh7 28. Qf5 Bh4 29. Rd7 Qc8 30. Qxe5+ Kg8 31. Rfd1 Qf8 32. Qxf4 Qc5 33. g3 Bg5 34. Qf5 Qxf5 35. exf5 Rxh3+ 36. Kg2 Rh5 37. Ne4 1-0

[Event "Winnipeg TNT May op"]
[Site "Winnipeg"]
[Date "2017.05.23"]
[Round "4"]
[White "Reimer, Bruce"]
[Black "Bince, Rolando"]
[Result "0-1"]
[WhiteElo "1696"]
[BlackElo "2085"]
[PlyCount "76"]
[EventDate "2017.05.02"]
[EventType "swiss"]
[EventRounds "5"]
[EventCountry "CAN"]
[SourceTitle "EXT 2022"]
[Source "ChessBase"]
[SourceDate "2021.10.06"]
[SourceVersion "1"]
[SourceVersionDate "2021.10.06"]
[SourceQuality "1"]

1. c4 e5 2. g3 Nf6 3. Bg2 c6 4. e4 Bc5 5. Ne2 Qb6 6. h3 Bxf2+ 7. Kf1 Bc5 8. Nbc3 Qc7 9. Na4 Be7 10. Kg1 0-0 11. Kh2 d6 12. a3 Be6 13. d3 a5 14. Be3 Nbd7 15. Ng1 Rfb8 16. Nc3 Nf8 17. Nf3 d5 18. cxd5 cxd5 19. exd5 Nxd5 20. Nxd5 Bxd5 21. Rc1 Bc6 22. Rf1 Rd8 23. Ng5 Bxg5 24. Bxg5 Rd6 25. b4 axb4 26. axb4 Qd7 27. Bxc6 bxc6 28. Qc2 Ne6 29. Be3 h6 30. Rcd1 f6 31. Qb3 Kh7 32. Qc2 Nd4 33. Qg2 Qe6 34. Bxd4 Rxd4 35. b5 Ra2 36. b6 Rxg2+ 37. Kxg2 c5 38. b7 Qc6+ 0-1

[Event "Winnipeg TNT May op"]
[Site "Winnipeg"]
[Date "2017.05.16"]
[Round "3"]
[White "Bince, Rolando"]
[Black "Einarsson, Ken"]
[Result "0-1"]
[WhiteElo "2085"]
[BlackElo "1752"]
[PlyCount "68"]
[EventDate "2017.05.02"]
[EventType "swiss"]
[EventRounds "5"]
[EventCountry "CAN"]
[SourceTitle "EXT 2022"]
[Source "ChessBase"]
[SourceDate "2021.10.06"]
[SourceVersion "1"]
[SourceVersionDate "2021.10.06"]
[SourceQuality "1"]

1. e4 c6 2. d4 d5 3. Nc3 dxe4 4. Nxe4 Bf5 5. Ng3 Bg6 6. h4 h6 7. Nf3 e6 8. Bd3 Bxd3 9. Qxd3 Be7 10. Nh5 Qa5+ 11. Bd2 Qxh5 12. g4 Qb5 13. c4 Qb6 14. 0-0 Nf6 15. g5 hxg5 16. Bxg5 Qc7 17. Kg2 Nh5 18. Qd2 Bxg5 19. Qxg5 Nf4+ 20. Kh1 Nd7 21. Ne5 Nxe5 22. Qxf4 Qe7 23. Kg2 Ng6 24. Qe3 Qxh4 25. Rg1 0-0-0 26. d5 Qxc4 27. dxc6 Nf4+ 28. Kf3 Rh3+ 29. Rg3 Rxg3+ 30. fxg3 Rd3 31. cxb7+ Kxb7 32. gxf4 Rxe3+ 33. Kxe3 Qc2 34. Rh1 Qxb2 0-1

[Event "Winnipeg TNT April op"]
[Site "Winnipeg"]
[Date "2017.04.18"]
[Round "3"]
[White "Wolchock, Theo"]
[Black "Bince, Rolando"]
[Result "1-0"]
[WhiteElo "1987"]
[BlackElo "2127"]
[PlyCount "97"]
[EventDate "2017.04.04"]
[EventType "swiss"]
[EventRounds "4"]
[EventCountry "CAN"]
[SourceTitle "EXT 2022"]
[Source "ChessBase"]
[SourceDate "2021.10.06"]
[SourceVersion "1"]
[SourceVersionDate "2021.10.06"]
[SourceQuality "1"]

1. c4 Nf6 2. g3 e6 3. Bg2 d5 4. d4 Bb4+ 5. Bd2 Be7 6. Nf3 0-0 7. e3 c5 8. 0-0 Ne4 9. cxd5 exd5 10. Nc3 Bg4 11. Qc2 Bf5 12. Qb3 Nxc3 13. Bxc3 Be4 14. Qxb7 Nd7 15. Ne5 Nxe5 16. Bxe4 dxe4 17. dxe5 f5 18. Rfd1 Qe8 19. Rd7 Rb8 20. Qxa7 Ra8 21. Qb7 Rb8 22. Qd5+ Kh8 23. a4 Rd8 24. Rxd8 Qxd8 25. Qxd8 Rxd8 26. a5 Kg8 27. a6 Ra8 28. Kf1 Kf7 29. Ke2 Ke6 30. Kd2 Ra7 31. Kc2 g6 32. Kb3 Kd5 33. Ra5 Bd8 34. Rxc5+ Kxc5 35. Bd4+ Kb5 36. Bxa7 Kxa6 37. Bc5 Kb5 38. Bd6 Ba5 39. e6 Kc6 40. e7 Kd7 41. Bb4 Bxb4 42. Kxb4 Kxe7 43. Kc5 Kd7 44. b4 Kc7 45. h3 Kb7 46. g4 fxg4 47. hxg4 h5 48. gxh5 gxh5 49. Kd5 1-0

[Event "Winnipeg TNT April op"]
[Site "Winnipeg"]
[Date "2017.04.11"]
[Round "2"]
[White "Bince, Rolando"]
[Black "Letain, Cory"]
[Result "1-0"]
[WhiteElo "2127"]
[BlackElo "1699"]
[PlyCount "63"]
[EventDate "2017.04.04"]
[EventType "swiss"]
[EventRounds "4"]
[EventCountry "CAN"]
[SourceTitle "EXT 2022"]
[Source "ChessBase"]
[SourceDate "2021.10.06"]
[SourceVersion "1"]
[SourceVersionDate "2021.10.06"]
[SourceQuality "1"]

1. c4 b6 2. e4 e6 3. Nc3 Bb7 4. Nf3 Bb4 5. Bd3 Ne7 6. Qb3 Nbc6 7. a3 Bxc3 8. Qxc3 0-0 9. 0-0 f5 10. b4 Nb8 11. Bb2 Rf7 12. Rfe1 fxe4 13. Bxe4 Bxe4 14. Rxe4 Qf8 15. Rf1 Rf6 16. Qd3 Rf4 17. Ng5 Qf5 18. Qe3 Rxe4 19. Nxe4 Nbc6 20. d4 d5 21. Ng3 Qg6 22. c5 Nf5 23. Nxf5 Qxf5 24. Re1 Re8 25. cxb6 cxb6 26. Rc1 Rc8 27. h3 Ne7 28. Re1 Kf7 29. g4 Qg6 30. Re2 Nf5 31. Qf4 Ke7 32. Qxf5 1-0

[Event "Winnipeg TNT March op"]
[Site "Winnipeg"]
[Date "2017.03.28"]
[Round "4.4"]
[White "Baron, Gustav L"]
[Black "Bince, Rolando"]
[Result "1-0"]
[WhiteElo "2110"]
[BlackElo "2128"]
[PlyCount "133"]
[EventDate "2017.03.07"]
[EventType "swiss"]
[EventRounds "4"]
[EventCountry "CAN"]
[SourceTitle "EXT 2022"]
[Source "ChessBase"]
[SourceDate "2021.10.06"]
[SourceVersion "1"]
[SourceVersionDate "2021.10.06"]
[SourceQuality "1"]

1. d4 Nf6 2. Nf3 e6 3. Bg5 c5 4. e3 d5 5. c3 Qb6 6. Qb3 Qxb3 7. axb3 Ne4 8. Bf4 Nd7 9. Na3 Nd6 10. Bb5 Kd8 11. Bxd7 Bxd7 12. dxc5 Ne4 13. b4 f6 14. Rd1 Ba4 15. Rd4 a6 16. h3 Ke8 17. Bc7 Rc8 18. Bb6 Bc6 19. 0-0 e5 20. Rdd1 Be7 21. c4 dxc4 22. Nxc4 Bb5 23. b3 Kf7 24. Rc1 Bd8 25. Rfd1 Bxb6 26. Nxb6 Rcd8 27. Nc4 Ke6 28. Nfd2 Nxd2 29. Rxd2 Bxc4 30. Rxd8 Rxd8 31. bxc4 Rd2 32. b5 axb5 33. cxb5 Kd7 34. c6+ bxc6 35. Rxc6 Rd1+ 36. Kh2 Rb1 37. Ra6 g5 38. Rxf6 Rxb5 39. Rf7+ Ke6 40. Rxh7 Kf6 41. Kg3 Kg6 42. Ra7 Rb4 43. f3 Rb3 44. Ra6+ Kh5 45. e4 Rb5 46. Rd6 Rb8 47. Kh2 g4 48. hxg4+ Kg5 49. Kg3 Re8 50. Rd7 Kg6 51. Kf2 Ra8 52. Ke3 Kf6 53. g3 Rb8 54. f4 Ke6 55. Rd5 Rb3+ 56. Rd3 Rb4 57. g5 Rb7 58. f5+ Ke7 59. Kf3 Rb4 60. Rd5 Rb3+ 61. Kg4 Kf7 62. Rxe5 Rb1 63. g6+ Kf6 64. Re6+ Kg7 65. Kg5 Rb3 66. f6+ Kf8 67. g7+ 1-0